000 00703nam a22002652i 4500
001 32934
003 BD-RjUL
005 20211209051922.0
008 160720s1975 enk 001 0 eng d
020 _a0042970318 (hbk)
020 _a0042970326 (hbk)
035 _a(BD-RjUL)33024
040 _aHDC
_cHDC
_dOCL
_dEQO
_dBD-RjUL
_beng
041 _aeng
082 0 0 _a297.4
_bLIW 1975
090 _aBP189.L756
_bW5 1975x
100 1 _aLings, Martin.
_999880
245 1 0 _aWhat is Sufism? /
_cMartin Lings
260 _aLondon :
_bGeorge Allen & Unwin,
_c1975
300 _a133 p. ;
_c23 cm
504 _aInclude index
650 0 _aSufism
_9100109
942 _2ddc
_cBK
_01
999 _c32934
_d32934